000 01025nam a22002537a 4500
999 _c64866
_d64866
005 20240530110755.0
008 181227s2018 ua g b 000 0 ara d
017 _a2017/23569
_bمصر. دار الكتب
020 _a9789770485392
040 _aEG-CaGPL
_cEG-CaGPL
082 0 4 _221
_a364.2/
_bخ ج
100 0 _aخديجة احمد الزيرة الشامسى
245 1 2 _aالجرائم المستحدثة ومنهج علم الاجتماع الجنائى /
_cاعداد خديجة احمد الزيرة الشامسى
250 _aط.1
260 _aالقاهرة :
_bدار النهضة العربية،
_c2018.
300 _a239 ص. ؛
_c24 سم.
504 _aيشتمل على ارجاعات ببليوجرافية
650 0 7 _2qrmak
_aالجريمة والمجرمون
650 0 7 _2qrmak
_aالجريمة والمجرمون
_xقوانين وتشريعات
651 _2qrmak
653 0 _aعلم الاجتماع الجنائى
942 _2ddc
_cBK